| 000 | 00569nam a22001817a 4500 | ||
|---|---|---|---|
| 999 |
_c183762 _d183762 |
||
| 005 | 20220104113430.0 | ||
| 010 | _aENG-130899 | ||
| 020 |
_a978-93-90961-33-7 _c595.00 |
||
| 035 | _aEN-114431 | ||
| 037 | _bDBAD | ||
| 082 | _a320.50954 | ||
| 100 | _aGoradia, Prafull | ||
| 245 |
_aBanaras to Jerusalem: _cPrafull Goradia _bAnd other Essays/ |
||
| 260 |
_aNew Delhi _bRenu Kaul Verma _c2022 |
||
| 270 |
_bNew Delhi _e110002 _a2/15, Ansari Road, Daryaganj _minfo@vitastapublishing.com |
||
| 300 |
_a242p _c22cm(hbk) |
||
| 942 |
_2ddc _cEN _h320.50954 _mGOR |
||